Dessins animés (partie 1) - Statistiques

Statistiques générales
  • Ce quiz a été pris 119 fois
  • Le résultat moyen est 7 sur 12
Statistiques - réponses
Par images Réponse % Correct
Peppa Pig
100%
Barbie
99%
Trotro
82%
Le monde incroyable de Gumball
70%
Princesse Sofia
60%
Pyjamasques
60%
Bluey
56%
Robocar poli
48%
Winx club
41%
Grizzy et les lemmings
22%
Oscar & Malika
16%
Petz club
8%
Aucun quiz correspondant
Distribution des résultats
% des personnes avec chaque résultat
Percentile par nombre de réponses
Votre historique - résultats
Vous n’avez pas pris ce quiz